00453nam a2200169Ia 4500008004100000020001800041041000800059082001600067100001600083245004600099260002700145300000800172365001600180700001600196906005200212999001900264230714s9999 xx 000 0 und d a9790000000000 aeng a006.32bZUR aZurada J.M. aIntroduction To Artificial Neural Systems bJaico Publishing House a683 cRs.b275.00 aZurada J.M. dO:0253208-Feb-2012B:303020-Jan-2012cITb343.75 c205419d205419